|
|
|
|
| LEADER |
02445nim a2200661 i 4500 |
| 001 |
001784190 |
| 003 |
CZ BrMZK |
| 005 |
20220429131858.0 |
| 007 |
sd fungnnmmned |
| 008 |
210208t20182018xr ||nne h n cze |
| 015 |
|
|
|a cnb003101694
|
| 024 |
3 |
|
|a 8594050424524
|
| 040 |
|
|
|a BOA001
|b cze
|e rda
|
| 072 |
|
7 |
|a 2-23/-27
|x Bible. Biblistika
|2 Konspekt
|9 5
|
| 072 |
|
7 |
|a 0/9-053.2
|x Literatura pro děti a mládež (naučná)
|2 Konspekt
|9 26
|
| 080 |
|
|
|a 27-246
|2 MRF
|
| 080 |
|
|
|a 26-236.5
|2 MRF
|
| 080 |
|
|
|a 27-236
|2 MRF
|
| 080 |
|
|
|a (0:82-322.2)
|2 MRF
|
| 080 |
|
|
|a (086.7.053.2)
|2 MRF
|
| 080 |
|
|
|a (086.7)08
|2 MRF
|
| 080 |
|
|
|a (086.76)
|2 MRF
|
| 100 |
1 |
|
|a Fučíková, Renáta,
|d 1964-
|7 jn20001005412
|4 aut
|
| 245 |
1 |
0 |
|a Obrazy z Nového zákona /
|c Renáta Fučíková
|
| 264 |
|
1 |
|a Praha :
|b Albatros,
|c [2018]
|
| 264 |
|
4 |
|c ©2018
|
| 300 |
|
|
|a 1 audiodisk (1 hod., 46 min.) ;
|c 12 cm
|
| 306 |
|
|
|a 014600
|
| 336 |
|
|
|a mluvené slovo
|b spw
|2 rdacontent
|
| 337 |
|
|
|a audio
|b s
|2 rdamedia
|
| 338 |
|
|
|a audiodisk
|b sd
|2 rdacarrier
|
| 344 |
|
|
|a digital
|b optical
|2 rda
|
| 347 |
|
|
|a audio soubor
|b MP3
|2 rda
|
| 500 |
|
|
|a Název z disku
|
| 500 |
|
|
|a Copyright Albatros Media
|
| 500 |
|
|
|a Nezkrácená audiokniha na mp3 CD
|
| 500 |
|
|
|a Podle stejnojmenné knihy vydané nakladatelstvím Albatros v roce 2018
|
| 508 |
|
|
|a Režie Jindřiška Nováková
|
| 511 |
0 |
|
|a Čte Jiří Dvořák
|
| 518 |
|
|
|o Nahráno
|d 2018
|p zvukové studio DAMU, Praha
|
| 521 |
8 |
|
|a Pro posluchače od 8 let
|
| 630 |
0 |
7 |
|a Bible.
|p Nový zákon
|7 unn2006374670
|2 czenas
|
| 648 |
|
7 |
|a 1. století
|7 ch460539
|2 czenas
|
| 650 |
0 |
7 |
|a biblické příběhy
|7 ph118858
|2 czenas
|
| 650 |
0 |
7 |
|a biblické události
|7 ph138437
|2 czenas
|
| 650 |
0 |
7 |
|a biblické postavy
|7 ph118857
|2 czenas
|
| 650 |
0 |
7 |
|a biblické parafráze
|7 ph138436
|2 czenas
|
| 655 |
|
7 |
|a náboženské příběhy
|7 fd653708
|2 czenas
|
| 655 |
|
7 |
|a zvukové záznamy pro děti a mládež
|7 fd186726
|2 czenas
|
| 655 |
|
7 |
|a audioknihy
|7 fd119452
|2 czenas
|
| 655 |
|
7 |
|a kompaktní disky
|7 fd201991
|2 czenas
|
| 700 |
1 |
|
|a Nováková, Jindřiška,
|d 1954-
|7 jn20010601354
|4 drt
|
| 700 |
1 |
|
|a Dvořák, Jiří,
|d 1967 únor 4.-
|7 js20051205004
|4 nrt
|
| 730 |
0 |
|
|a Bible.
|p Nový zákon.
|l Česky
|7 unn2006374671
|
| 910 |
|
|
|a BOA001
|b CDR-1459.782
|
| 990 |
|
|
|a AV
|
| 991 |
|
|
|b 202104
|c NOV
|
| 996 |
6 |
|
|b 2610856756
|c CDR-1459.782
|l MZK
|r Sklad / do 24 hodin
|n 0
|p p.v.
|w 001844087
|u 000010
|a 1
|e BOA001
|j MZK50
|s P
|